• 首页
  • 本馆介绍
  • 公告通知
  • 最新文献
  • 馆藏检索
  • 电子资源
  • 读者导购
  • 参考咨询
  • 我的图书馆
  • 登录
  • 详细信息显示
  • 放入我的书架
  • 预约/预借图书
  • 作者相关作品
  • 分类相关作品
  • 丛书相关作品
  • 出版社相关作品

书目信息

  • 表格格式
  • 工作单格式
  • 卡片格式
题名:
失业还是通货膨胀?
    
 
作者: Friedman , 弗里德曼 著 ;张丹丹 , 胡学璋 译
分册:  
出版信息: 北京   商务印书馆  1982
页数: 52页
开本: 19cm
丛书名:
单 册:
中图分类: F821.5
科图分类:
主题词: 通货膨胀
电子资源:
ISBN:
000 01033nam0 2200301 45
001 0182008111
005 20060801083035.68
010    @dCNY0.25
091    @aCN@b4017.266
100    @a19950425d1982 em y0chiy0121 ea
101 1  @achi@ceng
102    @aCN@b110000
105    @ay z 000yy
200 10 @a失业还是通货膨胀?@Ashi ye hai shi tong huo peng zhang?@e对菲利普斯曲线的评价@f(美)弗里德曼(M.Friedman)著@g张丹丹,胡学璋译
210    @a北京@c商务印书馆@d1982
215    @a52页@d19cm
300    @a书名原文:Unemployment Versus Inflation? An Evaluation of the Phillips Curve
510 1  @aUnemployment Versus Inflation? An Evaluation of the Phillips Curve@zeng
517 1  @a对菲利普斯曲线的评价@Adui fei li pu si qu xian de ping jia
606    @a通货膨胀
690    @aF821.5@v3
701 A1 @aFriedman@bM.@4著
701  1 @a弗里德曼@Afu li de man@bM.@4著
702  0 @a张丹丹@Azhang dan dan@4译
702  0 @a胡学璋@Ahu xue zhang@4译
801  2 @aCN@bNLC@c20060801
801  0 @aCN@bTSSF
905    @a10447@dF821.5@e35
    
    失业还是通货膨胀?:对菲利普斯曲线的评价/(美)弗里德曼(M.Friedman)著/张丹丹,胡学璋译.-北京:商务印书馆,1982
    52页;19cm
    书名原文:Unemployment Versus Inflation? An Evaluation of the Phillips Curve
    
    ISBN :CNY0.25
    
●
相关链接 在E读中查询图书 在五车中查询图书 在当当中查询图书 在豆瓣中查询图书


正题名:失业还是通货膨胀?     索取号:F821.5/35         预约/预借

序号 登录号 条形码 馆藏地/架位号 状态 备注
1 0441083   204410832   密集书库/ [索取号:F821.5/35] 在馆    
2 0441084   204410841   密集书库/ [索取号:F821.5/35] 在馆    
3 0441326   204413269   密集书库/ [索取号:F821.5/35] 在馆    
欢迎您!
大连网信软件有限公司© 版权所有